عرض عادي
عرض مارك
- القيادة
مدخل مصطلح موضوعي
001 - رقم الضبط
- حقل الضبط: 20572
003 - معرف رقم الضبط
- حقل الضبط: OSt
005 - تاريخ ووقت أخر عملية
- حقل الضبط: 20130204094924.0
008 - عناصر بيانات ثابتة الطول
- حقل تحكم ثابت الطول: 130204|||a|||||| | ||| d
040 ## - مصدر الفهرسة
- هيئة الفهرسة الأصلية: OSt
- وكالة الكتابة: OSt
150 ## - مدخل-- مصطلح تاريخي
- عنصر مدخل المصطلح الموضوعي او الاسم الجغرافي: القيادة
- تفريع عام: جوانب نفسية.
670 ## - بيانات المصدر موجوده
- الاستشهاد بالمصدر: Work cat.: (OSt): العنزي، مرزوق 20571, الشخصية القيادية وصنع القرار /, 2013.
